|
|
|
|
| LEADER |
01275nam a2200253 i 4500 |
| 001 |
10118700 |
| 003 |
GR-PaULI |
| 005 |
20210709113808.0 |
| 008 |
160112s1998 f d gre d |
| 952 |
|
|
|0 0
|1 0
|2 ddc
|4 0
|6 Π_473_000000000000000_ΖΑΧ
|7 0
|9 187612
|a PHIL
|b PHIL
|d 2016-04-24
|i 11047
|l 0
|o Π 473 ΖΑΧ
|p 025000136078
|r 2016-04-24 00:00:00
|t 1
|v 2016.00
|w 2016-04-24
|y BKN
|
| 999 |
|
|
|c 115717
|d 115717
|
| 020 |
|
|
|a 9604603132
|
| 040 |
|
|
|a GR-PaULI
|c GR-PaULI
|b gre
|e AACR2
|
| 041 |
0 |
|
|a gre
|a lat
|
| 082 |
0 |
4 |
|a 473
|2 23
|
| 100 |
1 |
|
|a Ζαχαρία, Αγγελική
|9 148197
|e συγγραφέας.
|
| 245 |
1 |
0 |
|a Λεξικό χρηστικών ρημάτων της Λατινικής :
|b λεπτομερής κλίση όλων των ρημάτων σε όλους του χρόνους και όλες τις εγκλίσεις /
|c Αγγελική Ζαχαριά - Καραγιάννογλου.
|
| 260 |
|
|
|a Αθήνα :
|b Σαβάλλας,
|c 1998.
|
| 300 |
|
|
|a 373 σ. ;
|c 24 εκ.
|
| 650 |
|
4 |
|a Λατινική γλώσσα
|x Λεξικά
|9 31744
|
| 650 |
|
4 |
|a Λατινική γλώσσα
|x Ρήμα
|9 59531
|
| 852 |
|
|
|a GR-PaULI
|b ΠΑΤΡΑ
|b ΦΙΛΟΣΟΦΙΑ
|k ΟΧΙΔ-4
|h R 473 ΖΑΧ
|m 11047
|p 025000136078
|t 1
|
| 942 |
|
|
|2 ddc
|c BKN
|
| 998 |
|
|
|c ΚΑΝΕΛΛΟΠΟΥΛΟΥ
|d 2016-01
|